000 00741cam a2200253 4500
008 000000n2001 000 0 eng u
020 _a0754513955
035 _a(Sirsi) u116584
050 _a346.41024
100 _aEdwards, M.
245 _aTolley's equal opportunities handbook
250 _a2nd ed.
260 _aCroydon
_bTolley
_c2001
300 _axxi, 619p.
_c30cm
350 _a49.95
520 _aAims to provide a practical guide to the law in England and Wales on equal opportunities in employment as at 1 May 2001.
650 _aEMPLOYMENT LAW
650 _aMANAGEMENT-BUSINESS MANAGEMENT
650 _aEQUAL OPPORTUNITIES
650 _aDISCRIMINATION
690 _aLAW
700 _aMalone, M.
942 _n0
999 _c101882
_d101882